Amadina obojková (Amadina fasciata)

Bibliographic Details
Main Author: Straka, Michal, 1950- (fot)
Format: Article
Language:Slovak
PhysicalDescription:Fotogr.
ISSN:1335-9932
Subjects:

MARC

LEADER 00000nab a2200000 a 4500
001 vtls000802960
003 SK-MaSNL
005 20260302151406.0
008 180205c2002 xo 0 slo
015 |a SNBRB2002/08-25190 
035 |a CLN000154615 
040 |a SNKBUCL  |b slo  |c SNKBUCL  |e AACR2 
041 0 |a slo 
044 |a xo  |c SK 
080 |a 636.68:598.8  |2 UDC-MRF-SK2 
100 1 |a Straka, Michal,  |d 1950-  |4 fot  |9 48834 
245 1 0 |a Amadina obojková  |b (Amadina fasciata)  |c text a foto: Michal Straka 
300 |b Fotogr. 
650 0 7 |a amadina obojková  |x chov  |2 snkbucl  |9 842873 
655 7 |a články z novín a časopisov  |2 snkbucl  |9 267496 
773 0 |x 1335-9932  |t Magazín chovateľa  |g Roč. 1, č. 2 (2002), s. 24 
850 |a Slovenská národná knižnica v Martine 
852 |a SNK  |b KIS3GCP 
958 |a RBX 
999 |c 1359713  |d 1361643